[Event "Kfar Sava"]
[Site "Kfar Sava"]
[Date "1996.??.??"]
[Round "?"]
[White "Alterman, Boris"]
[Black "Greenfeld, Alon"]
[Result "1/2-1/2"]
[WhiteElo "2590"]
[BlackElo "2565"]
[Annotator "Alterman,B"]
[PlyCount "39"]
[EventDate "1996.??.??"]
[EventType "game"]
[EventRounds "3"]
[EventCountry "ISR"]
[SourceTitle "CBM 055"]
[Source "ChessBase"]
[SourceDate "1996.12.01"]
[SourceVersion "1"]
[SourceVersionDate "1996.12.01"]
[SourceQuality "1"]

1. c4 Nf6 2. Nc3 c5 3. Nf3 e6 4. e3 d5 5. cxd5 exd5 6. d4 a6 $5 7. Be2 Bd6 8.
dxc5 Bxc5 9. O-O O-O 10. a3 Nc6 11. b4 Ba7 12. Bb2 (12. b5 $1 axb5 13. Nxb5 Bb8
14. Bb2 $14) 12... Be6 (12... d4 $6 13. exd4 Nxd4 14. Nxd4 Bxd4 $10 15. Bf3)
13. Rc1 (13. b5 $1 $14) 13... Rc8 $6 (13... d4 $1 14. exd4 Nxd4 15. Nxd4 Qxd4
$10) 14. b5 $1 axb5 15. Nxb5 Bb8 16. Qa4 $16 Ne4 17. Nbd4 (17. Rfd1 $5) 17...
Qd6 $2 18. Nxc6 bxc6 19. Be5 Qe7 20. Bxb8 (20. Bxb8 Rxb8 21. Rxc6 $1 Ra8 (21...
Bd7 22. Rc7 Bxa4 (22... Nc3 23. Rxd7 (23. Qxd7 Nxe2+ 24. Kh1 Qxd7 25. Rxd7 Ra8
26. Ra1 $16 Ra5) 23... Nxe2+ 24. Kh1 Qf6 $16) 23. Rxe7 Nc3 24. Bd3 $16) (21...
Qe8 22. Qc2 $1) (21... Rb2 22. Nd4 $16) (21... Rfe8 22. Qa5) 22. Qb4 Rfe8 23.
Rb1 $16) 1/2-1/2

[Event "CHN-CIS"]
[Site "Beijing"]
[Date "1991.??.??"]
[Round "?"]
[White "Lputian, Smbat G"]
[Black "Xu, Jun"]
[Result "1/2-1/2"]
[WhiteElo "2570"]
[BlackElo "2535"]
[Annotator "Anand,V"]
[PlyCount "60"]
[EventDate "1991.??.??"]
[EventType "team"]
[EventRounds "9"]
[EventCountry "CHN"]
[SourceTitle "CBM 028"]
[Source "ChessBase"]
[SourceDate "1992.06.01"]
[SourceVersion "1"]
[SourceVersionDate "1992.06.01"]
[SourceQuality "1"]

1. d4 d5 2. c4 e6 3. Nc3 c5 4. cxd5 exd5 5. Nf3 Nc6 6. Bg5 Be7 7. Bxe7 Ngxe7 8.
dxc5 (8. e3 cxd4 9. Nxd4 O-O 10. Bb5 $14) 8... d4 9. Ne4 (9. Nb5 $2 Qa5+) 9...
O-O 10. Ned2 (10. g3 Nf5 11. Bg2 Re8) 10... Qd5 11. Nb3 Rd8 12. g3 a5 $1 13.
Nc1 Qxc5 14. Nd3 Qb5 {Black has equalised effortlessly} 15. Bg2 Bf5 16. O-O
Rac8 17. a3 h6 18. Qd2 a4 19. Rac1 Na5 20. Rxc8 Nxc8 21. Qf4 Nb3 22. Rd1 Ne7
23. Qc7 Qd7 24. Qxd7 Rxd7 25. Nb4 Nc8 26. h3 Nb6 27. g4 Bh7 28. Ne1 Re7 29. Kf1
Be4 30. Bxe4 Rxe4 1/2-1/2

[Event "NED-ch52"]
[Site "Rotterdam"]
[Date "1997.06.22"]
[Round "2"]
[White "Cifuentes Parada, Roberto"]
[Black "Sosonko, Gennadi"]
[Result "1/2-1/2"]
[WhiteElo "2515"]
[BlackElo "2515"]
[Annotator "Bangiev,A"]
[PlyCount "40"]
[EventDate "1997.06.21"]
[EventType "tourn"]
[EventRounds "11"]
[EventCountry "NED"]
[EventCategory "12"]
[SourceTitle "CBM 060"]
[Source "ChessBase"]
[SourceDate "1997.09.29"]
[SourceVersion "1"]
[SourceVersionDate "1997.09.29"]
[SourceQuality "1"]

1. d4 Nf6 2. c4 e6 3. Nf3 d5 4. e3 c5 5. cxd5 exd5 6. Nc3 Bd6 7. dxc5 Bxc5 8.
Be2 Nc6 9. O-O O-O 10. b3 a6 11. Bb2 (11. Na4 Ba7 12. Bb2 Ne4 (12... Qd6 13.
Bxf6 $6 Qxf6 14. Qxd5 Bf5 15. Qd2 b5 16. Nc3 Rfd8 17. Qb2 Nb4 $15 {Deze,
V-Gligoric,S/Novi Sad 1979}) 13. Rc1 Qd6 14. Nc3 Nf6 15. Nb1 Rd8 16. Nd4 $14 {
0-1 Averbakh,Y-Kochyev,A/ Moscow-4teams 1981 (36)}) 11... Ba7 12. Rc1 Qd6 13.
Nb1 $5 {/\Ba3; /\Nd4 gefolgt Nd2-f3} Rd8 14. Nd4 (14. Ba3 Qe6 15. Bc5 Bxc5 16.
Rxc5 Ne4 17. Rc1 Qg6 18. Kh1 Qf6 19. Kg1 d4 20. exd4 Nxd4 21. Nxd4 Rxd4 $15 {
Agzamov,G-Gavrikov,V/URS-ch49 Frunze 1981/1/2-1/2 (82)}) 14... Bb8 $5 $146 (
14... Ne4 15. Nd2 Bxd4 16. Bxd4 Nxd4 17. exd4 Bf5 18. Nb1 Rac8 19. f3 Ng5 20.
Qd2 Ne6 $132 {Inkiov,V-Lobron,E/Moscow GMA-op 1989/0-1 (54)}) 15. g3 (15. Nf3
Bg4 16. Nbd2 Ne4 $132) 15... Bh3 16. Re1 Ba7 $5 {Dieser für solche Stellungen
typische Zug ist gegen das Manöver Nb1-d2-f3 bzw. 17.Nxc6 gefolgt von Qd4
gerichtet.} (16... Bc7 17. Nxc6 bxc6 18. Qd4 $5 (18. Qc2 Bd7 19. Nd2 $14)) 17.
Ba3 (17. Nxc6 bxc6 18. Qc2 c5 $132) 17... Qd7 18. Bc5 Bxc5 19. Rxc5 Ne4 20. Rc1
Rac8 $132 1/2-1/2

[Event "DEN-ch"]
[Site "Esbjerg"]
[Date "1997.03.28"]
[Round "7"]
[White "Hansen, Curt"]
[Black "Schandorff, Lars"]
[Result "1/2-1/2"]
[WhiteElo "2605"]
[BlackElo "2510"]
[Annotator "Bangiev,A"]
[PlyCount "102"]
[EventDate "1997.03.22"]
[EventType "tourn"]
[EventRounds "9"]
[EventCountry "DEN"]
[EventCategory "10"]
[SourceTitle "CBM 060"]
[Source "ChessBase"]
[SourceDate "1997.09.29"]
[SourceVersion "1"]
[SourceVersionDate "1997.09.29"]
[SourceQuality "1"]

1. c4 c5 2. Nf3 Nf6 3. Nc3 Nc6 4. e3 e6 5. d4 d5 6. cxd5 exd5 7. Bb5 Bd6 8. O-O
O-O 9. dxc5 Bxc5 10. b3 Bg4 11. Bb2 Bd6 12. h3 $5 (12. Be2 Rc8 (12... a6 13. h3
Bf5 14. Nd4 Nxd4 15. Qxd4 Bc7 16. Rfd1 Qd6 17. g3 Rad8 18. Bf3 $16 {0-1
Gyurkovics,M-Palkovi,J/HUN-chT 1994 (37)}) 13. Nd4 (13. Nb5 Bb8 14. Bxf6 Qxf6
15. Qxd5 Rfd8 16. Qe4 h5 17. h3 Re8 18. Qa4 $16 {1-0 Wirthensohn,H-Scherrer,R/
Lenk op 1992 (27)}) 13... Bxe2 (13... Be6 14. Ncb5 Bb8 15. Rc1 Re8 16. g3 Bh3
17. Re1 $14 {0-1 Wirthensohn,H-Wilder,M/Lugano op 1989 (42)}) 14. Ncxe2 Re8 15.
Nf3 Ne4 16. Ned4 Qf6 17. Rc1 {1/2-1/2 Razuvaev,Y-Olafsson,H/Reykjavik op 1990})
(12. Ne2 Bxf3 13. gxf3 Ne5 14. Ng3 Rc8 15. Be2 Re8 16. f4 Ned7 17. Bf3 Qa5 $14
{Ivanov,T-Abramov,S/Smolensk Alekhine op-B 1992/1/2-1/2 (50)}) (12. Rc1 Rc8 13.
Be2 Bb8 14. Nb5 Re8 15. Nbd4 Qd6 16. g3 Bh3 17. Re1 Ne4 18. Nxc6 bxc6 19. Qd4
Qh6 $132 {1-0 Markowski,T-Spraggett,K/Cannes op 1994 (39)}) 12... Bh5 13. Be2
Bb8 (13... Rc8 14. Nb5 Bb8 15. Bxf6 Qxf6 16. Qxd5 $5 {[%csl Rh5] In dieser
Variante steckt die Idee des Zuges 12.h3 (Der Bh5 ist nun angegriffen)}) 14.
Nh4 Bxe2 15. Nxe2 Be5 $5 16. Nd4 {/\17.Nhf3} (16. Bxe5 Nxe5 17. Nf5 Qd7 $14)
16... Nxd4 $5 17. Bxd4 Bxd4 18. Qxd4 Re8 $5 {/\19...Re4} 19. Nf3 Qa5 $5 {
[%csl Ya2]} 20. a4 Rac8 (20... Re4 $5 21. Qd3 Rc8 22. Rfc1 Ree8) 21. b4 $1 Qa6
22. b5 Qa5 23. Rfc1 h6 24. Ne5 Qb6 (24... Rc7 $5) 25. Rxc8 Rxc8 26. Qxb6 axb6
27. a5 bxa5 28. Rxa5 Ne4 {/\29...Rc1} 29. f3 Nd6 30. b6 Nc4 31. Rxd5 Nxb6 32.
Rb5 Nc4 33. Nxc4 Rxc4 34. Rxb7 h5 $1 {Die Stellung ist in der Theorie der
Schachendspiele gut bekannt und wird als unentschieden bewertet. Allerdings
muß sich Schwarz an die richtige Strategie halten. Es ist vor allem das aktive
Turmspiel.} 35. e4 g6 36. h4 Rc1+ 37. Kf2 Rc2+ 38. Kg3 Rd2 {[%csl Yg2]} 39. Rb1
Kg7 40. Rf1 Rb2 41. Rf2 Rb1 42. Kf4 Ra1 43. Rb2 Ra7 44. Rd2 Rb7 45. Rd3 Rb2 46.
g3 Rb7 47. g4 hxg4 48. Kxg4 (48. fxg4 Rb1 $1) 48... Rb1 $1 $11 49. f4 Rg1+ 50.
Rg3 (50. Kf3 Rh1 51. Kg3 Rg1+ 52. Kh3 Rf1 $11) 50... f5+ $1 51. exf5 gxf5+ (
51... gxf5+ 52. Kh3+ Rxg3+ 53. Kxg3 Kh6 54. Kh3 Kg6 $11) 1/2-1/2

[Event "Dortmund SuperGM 23rd"]
[Site "Dortmund"]
[Date "1995.07.16"]
[Round "3"]
[White "Bareev, Evgeny"]
[Black "Lobron, Eric"]
[Result "1-0"]
[WhiteElo "2650"]
[BlackElo "2595"]
[Annotator "Bareev,E"]
[PlyCount "80"]
[EventDate "1995.07.14"]
[EventType "tourn"]
[EventRounds "9"]
[EventCountry "GER"]
[EventCategory "17"]
[SourceTitle "CBM 048"]
[Source "ChessBase"]
[SourceDate "1995.10.01"]
[SourceVersion "1"]
[SourceVersionDate "1995.10.01"]
[SourceQuality "1"]

1. c4 {Konikowski Ftacnik Von Gleich} e6 2. Nc3 d5 3. d4 c5 4. cxd5 exd5 5.
dxc5 {Das Tarrasch-Gambit ist ein seltener Gast in den heutigen Turniersälen
und es gibt auch dazu wenig Theorie.} d4 {Alternative ist} (5... Nf6 {
Konikowski} 6. Be3 Nc6 (6... Na6 $5) 7. Nf3 Qa5 8. a3 Ne4 9. Rc1 Be7 (9... Be6
10. Qa4 Qxa4 11. Nxa4 Na5 12. b4 Nc4 13. Bd4 b5 14. Nc3 Nxc3 15. Bxc3 (15. Rxc3
a5 16. Rb3 axb4 17. axb4 Bf5 $13) 15... Nxa3 16. Nd4 $10 {Kasparow}) 10. Qa4
Nxc3 11. Qxa5 Nxa5 12. Rxc3 Nc4 13. Bc1 Bf6 14. Rb3 Kd7 15. e3 Kc6 16. Nd4+
Kxc5 17. Rb5+ Kd6 18. Bxc4 dxc4 19. Rb4 Kd5 20. Rb5+ Kd6 {mit Ausgleich}) 6.
Ne4 $5 {Die Antwort} (6. Na4 {gilt laut der Theorie als die stärkste, z.B.} b5
$5 7. cxb6 axb6 8. b3 Nf6 9. e3 (9. Nf3 Ne4 $1) 9... Bd7 10. Qxd4 (10. exd4
Bb4+ 11. Bd2 Qe7+ 12. Qe2 Ne4 13. Nf3 Bxa4 14. bxa4 Bxd2+ 15. Nxd2 Nc3 16.
Qxe7+ Kxe7 17. Bc4 Rxa4 {und Schwarz bekommt eine aktive Stellung}) 10... Nc6
11. Qb2 Ne4 12. a3 b5 13. Bd3 f5 $5 {mit sehr kompliziertem Spiel.}) 6... Nc6
$1 {In einer Fernpartie 1989 Eredi-Petzold, geschach:} (6... Qd5 7. Nd6+ Bxd6
8. cxd6 Nc6 9. e3 Nf6 10. Nf3 Bg4 11. Be2 $14) (6... Nf6 $6 7. Bg5 Be7 8. Bxf6
$16) (6... Bf5 $6 7. Ng3 (7. Nd6+ {Ftacnik} Bxd6 8. cxd6 Qxd6 9. Nf3 Nc6 10.
Bd2 Nf6 11. g3 O-O 12. Bg2 d3 13. e3 Rac8 14. O-O Be4 15. Qb3 Rfd8 $15 {
Garcia Fernandez,JA-Frois,A/Candas op (05)/1992/0-1 (38)}) 7... Bg6 (7... Be6
8. Qa4+ Qd7 9. Qxd7+ Nxd7 10. Nf3 Bxc5 11. Ne4 Bb6 12. Nd6+ Ke7 13. Nb5 (13.
Nxb7 $4 Bd5 $19) 13... Ngf6 14. Bd2 Rhc8 15. Nbxd4 Ne4 16. Bb4+ Bc5 17. Bxc5+
Rxc5 18. Nxe6 fxe6 19. Nd4 Rac8 20. Nb3 Rc2 21. f3 Nd6 22. Rb1 Nc4 23. g3 Nxb2
24. Bh3 Na4 {mit besserem Endspiel für Schwarz.}) 8. e4 $16) 7. Nf3 (7. e3 {
Ftacnik} Bf5 8. Bd3 Bxe4 9. Bxe4 Bxc5 10. Nf3 Nge7 11. exd4 Nxd4 12. Nxd4 Qxd4
13. Qxd4 Bxd4 14. Be3 Bxe3 15. fxe3 f5 16. Bc2 O-O-O 17. Rc1 Kb8 18. O-O g6 19.
Rfd1 Nd5 $15 {Rekola,E-Palmblad,J/Stockholm op/1994/0-1 (39)}) 7... Bf5 {
Zu prüfen ist} (7... Bxc5 $5 8. Nxc5 Qa5+ 9. Bd2 Qxc5 10. e4 dxe3 11. Bxe3 Qb4+
12. Qd2 Nf6 $10) (7... f5 $5 8. Nd6+ (8. Bg5 Qc7 $1 (8... Qa5+ 9. Bd2 Qc7 10.
Nd6+ Bxd6 11. cxd6 Qxd6 12. Bc3 Nf6 13. Nxd4 O-O 14. e3 $16) 9. Nd6+ Bxd6 10.
cxd6 Qxd6 $13) 8... Bxd6 9. cxd6 Qxd6 10. g3 Nf6 11. Bg2 O-O 12. O-O Be6 13.
Bf4 Qd7 14. Ne5 Nxe5 15. Bxe5 Rad8 16. Rc1 Bxa2 17. Rc7 Qe6 18. Bxf6 Rxf6 19.
Rxb7 Bc4 20. Re1 Rf7 {und Schwarz hält noch seine Stellung}) 8. Ng3 Bg4 (8...
Bg6 9. e4 $14) (8... Be6 $5) 9. Qc2 {Oder} (9. h3 Bxf3 (9... Be6 $5) 10. exf3
Bxc5 11. a3 Nf6 $13) (9. Qb3 Qa5+ 10. Bd2 Qxc5 11. Ng5 (11. Qxb7 Rb8 12. Qa6
Nb4 13. Qa4+ Bd7 14. Bxb4 Rxb4 $44) 11... Nh6 12. h3 Bc8 13. Rc1 Qb6 14. Qxb6
axb6 15. a3 Be7 16. Nf3 Nf5 17. Nxf5 Bxf5 18. e3 dxe3 19. Bxe3 Bf6 20. Bb5 Bxb2
21. Rxc6 bxc6 22. Bxc6+ Ke7 23. Bxa8 Rxa8 24. Bxb6 Be4 25. Ke2 Bxa3 26. Ra1 Bd6
27. Rxa8 Bxa8 {mit gleichem Endspiel.}) 9... Nf6 (9... Qa5+ $6 10. Bd2 Qxc5 11.
Qxc5 (11. Qe4+ $1 Be6 12. Ng5 $14 (12. Ng5 Nf6 13. Nxe6 Nxe4 14. Nxc5 Nxc5 15.
Rc1 Rc8 16. a3 Ne6 17. e3 Be7 18. Nf5 dxe3 (18... O-O $4 19. Rxc6 $18) 19. Bxe3
g6 20. Nxe7 Kxe7 {und Weiß steht mit Läuferpaar etwas besser.})) 11... Bxc5 $10
(11... Bxc5 12. Rc1 Bb6 13. Ne4 Rd8 $13)) 10. h3 (10. e4 {Von Gleich} Nd7 11.
Bd2 Bxf3 12. gxf3 Bxc5 13. f4 $13) 10... d3 $5 {Interessant wäre die folgende
Variante:} (10... Bxf3 11. exf3 {Ftacnik} (11. gxf3 Qa5+ 12. Bd2 Qxc5 13. Qxc5
Bxc5 14. Rc1 Bb6 15. Nf5 O-O 16. Rg1 g6 (16... Ne8 17. Nxg7 Nxg7 18. Bh6 $16)
17. Nd6 d3 $1 (17... Rab8 18. Nxb7 $1) 18. exd3 Ne5 $1 (18... Rad8 $2 19. Nxb7
Rfe8+ (19... Rde8+ 20. Kd1 Nd4 21. Bb4 Nxf3 22. Rg3 Nh2 23. Be2 $18) 20. Kd1
$18) 19. Be2 Rad8 20. Bf4 (20. Nxb7 Nxd3+ 21. Bxd3 Rxd3 22. Ke2 Rd5 $132) 20...
Rxd6 21. Bxe5 Re6 22. Bxf6 (22. d4 Rd8 23. Rd1 Nd5 24. f4 f6 25. f5 Re7 26. Bh2
Rde8 $19) 22... Rfe8 23. Rc2 Rxf6 24. Rg3 Rfe6 $132) 11... Qa5+ 12. Bd2 Qxc5
13. Qxc5 Bxc5 14. Bb5 (14. Rc1 $14) 14... O-O 15. Rc1 $13) 11. Qxd3 (11. exd3
$2 {Ftacnik} Bxf3 12. gxf3 Nd4) 11... Qxd3 12. exd3 Bxf3 13. gxf3 Bxc5 (13...
Nd4 14. Be3 (14. Kd1 Bxc5 15. Ne4 $16) 14... Nc2+ 15. Kd2 Nxa1 16. d4 $44) 14.
Be3 (14. Ne4 $5) 14... Bd4 (14... Bb6 $1 {Von Gleich} 15. O-O-O (15. f4 {
Konikowski} Nd5 16. Ke2 (16. Kd2 O-O-O 17. Bg2 Rhe8 18. Bxd5 Rxd5 19. Bxb6 axb6
20. Rhe1 Red8 21. Re3) 16... Nd4+) 15... O-O-O (15... Nd5 16. Bxb6) 16. Ne4 Nd5
(16... Bxe3+ 17. fxe3 Nd5 18. Kd2 Rhe8 19. Re1 Ne5 20. Be2) 17. Bxb6 axb6 (
17... Nxb6 18. Rg1 g6 19. Nc3 Nd4 (19... Nd5 20. Rg4) (19... f5 20. f4 Nd4 21.
Rg3 Ne6 22. Re3 Nxf4 23. d4) 20. f4) 18. d4 $13) (14... Nd4 15. O-O-O (15. Bxd4
Bxd4 16. Ne2 Bb6 17. d4 O-O-O 18. Rg1 g6 19. O-O-O Rd6 20. Kc2 Rhd8 21. Kc3
Nd5+ 22. Kb3 Nf6 $132) 15... Bb6 (15... Rc8 $2 16. Kb1 Nd5 17. Ne4) 16. Kb1 O-O
17. f4 $14) (14... Bb4+ $5 15. Ke2 O-O-O 16. Rc1 (16. a3 {Von Gleich} Ba5 {
Dies gefiel Eric im nachhinein am besten. Schwarz hat mehr als ausreichende
Kompensation für den Bauern in Form einer zersplitterten weißen Bauernstellung
und eines Wandelopas.}) (16. Rg1) 16... Kb8 17. Ne4 (17. Rc4 Rhe8 18. Bg2 g6
19. f4 Nd5 20. Bxd5 Rxd5 21. Ne4 Be7 $16) 17... Nd5 18. a3 Be7 19. Rg1 f5 20.
Nc5 f4 21. Bd2 Nd4+ 22. Kd1 g5 {mit ausgezeichneter Stellung für Schwarz.}) 15.
O-O-O (15. Nf5 $5) 15... Nd5 (15... O-O-O 16. Nf5 g6 17. Nxd4 Nxd4 18. Kb1 $16)
(15... O-O 16. Nf5 Rfd8 17. f4 g6 18. Nxd4 Nxd4 19. Kb1 $14) 16. Nf5 (16. Bxd4
{Ftacnik} Nxd4 17. Bg2 Kd7 $44) 16... Bf6 (16... Bxe3+ $2 {Von Gleich} 17. fxe3
g6 18. Nh4 $1 $18 (18. Nh4 {Eric hatte diesen einfachen Rückzug des N
übersehen, da er im nächsten zug den Pe3 zu verspeisen gedachte.} Nxe3 $4 19.
Re1 $18) (18. Nd6+ Kd7 19. Nxb7 Nxe3 $44)) (16... Nxe3 $2 {Ftacnik} 17. fxe3
$16) 17. Bc5 $1 b6 (17... g6 18. Nd6+ (18. Re1+ Kd7 19. Ne3 Nf4 20. Ng4 Bg7 21.
Re4 Ne6) 18... Kd7 19. h4 (19. Nxf7 Rhf8 $13 (19... Rhf8 20. Nd6 Bd4)) 19... b6
(19... Be7 {Von Gleich} 20. Nxb7 Rab8 21. Bxe7 Kxe7 22. Nc5 Nd4) 20. Bh3+ Kc7
21. Ba3 Nd4 22. Kb1 {und Weiß steht besser}) 18. Ba3 Nd4 (18... g6 {Von Gleich}
19. Nd6+ Kf8 $3 (19... Kd7 20. d4 $3 (20. Nxf7 Rhf8 21. Nd6 Be7 $40) (20. h4
Be7 $1 (20... Be7 {Konikowski} 21. Nxf7 Bxa3 22. bxa3 Rhf8 23. Bh3+ Kc7 24. Ng5
Nd4)) 20... Nxd4 (20... Be7 21. Nxf7 Bxa3 22. bxa3 Rhc8 23. Kb2 $14 (23. Ba6 $2
Nd8+ $17)) 21. Kb1 $16) 20. Ne4+ (20. Rg1 Be7 21. Re1 Rd8 22. Nb5 Bxa3 23. Nxa3
Nf4 $10) 20... Be7 21. Bxe7+ Kxe7 $44) (18... Ncb4 19. Kb1 g6 20. Nd6+ Ke7 21.
Ne4 Bg7 22. d4 Rac8 23. Ba6 Rc7 24. Nc3 Kd8 25. Nxd5 Nxd5 26. Bb5 {und Weiß
steht aktiver.}) 19. Re1+ (19. Nd6+ {Ftacnik} Kd7 20. Nxf7 Rhc8+ 21. Kb1 Nb5 $1
$40) 19... Kd7 20. Nxd4 Bxd4 21. Re4 {[%csl Yf1] White needs to develop his
bishops and protect his own king.} Rac8+ (21... Bxf2 {Ftacnik} 22. d4 Rac8+ (
22... f5 23. Re5 $16) 23. Kd2 Bg3 24. Bb5+ Kc7 25. Rg1 Bf4+ 26. Rxf4 Nxf4 27.
Rxg7 $18) 22. Kd2 Bc5 (22... Bxf2 {Ftacnik} 23. d4 Kd8 24. Ba6 Rc7 25. Rf1 Bg3
26. Rg1 $16) 23. Bxc5 Rxc5 24. Be2 (24. d4 Rc7 25. Rg1 (25. Bd3 {Ftacnik} Kd6
$14) 25... g6 26. Bd3 $14) 24... f5 $2 (24... Rhc8 25. Bd1 $16 (25. Rc4 $1)) (
24... Nf6 {Von Gleich} 25. Rf4 (25. Ra4 Ra5 26. Rxa5 bxa5 27. Bd1 Rb8 28. Bb3
Kd6) 25... Rg5 26. h4 (26. Bd1 b5 27. Bb3 Re8 28. Rd4+ Ke7 29. Rc1 $16) 26...
Rg2 27. Ke1) (24... Rd8 {Von Gleich} 25. f4 (25. Rg1 g6 26. Bd1 Kc7 27. Bb3 f5
28. Rd4 Nf6 29. Rxd8 Kxd8 30. Re1 Rc6 $16) 25... Rc6 26. Rd4 Rd6 27. Rc1 Ke7
28. Bf3 Nf6 29. Rc7+ R8d7 30. Rxd7+ Kxd7 31. Kc3 Rxd4 32. Kxd4 Kd6 33. Kc4 Ne8
$1) 25. Rd4 Kd6 26. Bd1 {Der Laufer wird auf eine bessere Position überführt.}
Ke5 {Falls jetzt} (26... Rhc8 {dann folgt} 27. Re1 {mit dem Plan Bd1-b3 und
guten Gewinnchancen.}) 27. Ra4 Rc7 28. Bb3 {Zu beachten war} (28. Re1+ Kd6 29.
Bb3 Rd8 30. Rd4 Rc5 31. f4 {mit der Drohung Re1-e5!}) 28... Rd8 29. f4+ {
Ein anderer Gewinnweg war} (29. Re1+ $1 Kd6 30. Rd4 Rc5 (30... Kc5 31. Rxd5+
Rxd5 32. Rc1+ {mit Materialgewinn}) 31. f4 g6 32. Re5 Kc6 33. Ba4+ b5 34. b4
bxa4 35. bxc5 Kxc5 36. Rxa4 $18) 29... Kf6 (29... Nxf4 $4 {Ftacnik} 30. Re1+
$18) 30. Rc1 $1 $18 Rxc1 (30... Rcd7 $2 31. Rc6+ Ke7 32. Bxd5) (30... a5 $2 31.
Rd4 Rxc1 32. Kxc1 Rc8+ 33. Kd2 Ne7 34. Rd6#) (30... Re7 {Ftacnik} 31. Rc6+ Kf7
32. Rd4 Red7 33. Rxd5 Rxd5 34. Bxd5+ Rxd5 35. Rc7+ $18) 31. Kxc1 {Ftacnik
Despite weak pawns the road to success is the exchange of peaces towards
endgame.} Kg6 (31... Rd7 32. Rd4 $18) (31... Ne7 $5) 32. Kd2 Nf6 (32... Kf6 {
Ftacnik} 33. Bxd5 Rxd5 34. Rxa7 $18) 33. Rxa7 Ne4+ $22 34. Ke2 Nc5 35. Bc4 Rb8
36. b4 Nb7 37. a4 (37. Bd5 $5) 37... Nd6 38. Rd7 Re8+ (38... Ne8 {Ftacnik} 39.
a5 bxa5 40. bxa5 $18) 39. Kf3 Nxc4 40. dxc4 Re4 (40... Re4 {Ftacnik} 41. Rd6+
Kh5 42. Rxb6 Rxc4 43. a5 $18) 1-0

[Event "Yerevan"]
[Site "Yerevan"]
[Date "1989.??.??"]
[Round "?"]
[White "Azmaiparashvili, Zurab"]
[Black "Marjanovic, Slavoljub"]
[Result "1-0"]
[WhiteElo "2560"]
[BlackElo "2490"]
[Annotator "Bulletin"]
[PlyCount "77"]
[EventDate "1989.05.??"]
[EventType "tourn"]
[EventRounds "11"]
[EventCountry "URS"]
[EventCategory "12"]
[SourceTitle "CBM 014"]
[Source "ChessBase"]
[SourceDate "1990.02.01"]
[SourceVersion "1"]
[SourceVersionDate "1990.02.01"]
[SourceQuality "1"]

1. c4 e6 2. Nc3 d5 3. d4 c5 4. cxd5 cxd4 5. Qa4+ (5. Qxd4 Nc6 6. Qd1 exd5 7.
Qxd5 Be6 8. Qxd8+ Rxd8 $44) 5... Bd7 6. Qxd4 exd5 7. Qxd5 Nc6 8. Bg5 (8. Nf3
Nf6 9. Qd1 Bc5 10. e3 Qe7 11. Be2 O-O-O 12. O-O g5 13. b4 $1 Bxb4 14. Bb2 $40)
8... Nf6 9. Qd2 h6 10. Bh4 g5 11. Bg3 Qa5 12. e3 O-O-O 13. Nf3 Bf5 14. Nd4 Bb4
15. Bd3 Nxd4 16. exd4 Rhe8+ 17. Kf1 Re6 {/\ 18...Rxd4} 18. Qc2 Bxd3+ 19. Qxd3
Nd5 20. h4 $1 (20. Nxd5 Rxd5 21. Rc1+ Kd7 22. Rc7+ Ke8) 20... Nxc3 21. bxc3
Bxc3 22. Rc1 Rc6 23. hxg5 hxg5 24. Rh7 Bxd4 25. Rxc6+ bxc6 26. Qc4 Qb5 27. Qxb5
cxb5 28. Rxf7 Rd5 29. Ke2 a5 30. Kf3 Bb2 31. Rc7+ Kd8 32. Rc2 Ba3 33. Bc7+ Kd7
34. Bxa5 Bd6 35. Rd2 Rf5+ 36. Kg4 Rf4+ 37. Kxg5 Ra4 38. Bb6 Ke6 39. Re2+ 1-0

[Event "Bugojno"]
[Site "Bugojno"]
[Date "1978.03.01"]
[Round "4"]
[White "Karpov, Anatoly"]
[Black "Balashov, Yuri S"]
[Result "1/2-1/2"]
[WhiteElo "2725"]
[BlackElo "2590"]
[Annotator "Bulletin"]
[PlyCount "38"]
[EventDate "1978.02.27"]
[EventType "tourn"]
[EventRounds "15"]
[EventCountry "YUG"]
[EventCategory "14"]
[SourceTitle "MCL"]
[Source "ChessBase"]
[SourceDate "1999.07.01"]
[SourceVersion "1"]
[SourceVersionDate "1999.07.01"]
[SourceQuality "1"]

1. c4 Nf6 2. Nf3 c5 3. Nc3 Nc6 4. d4 cxd4 5. Nxd4 e6 6. e3 d5 7. cxd5 exd5 8.
Be2 Bd6 9. O-O O-O 10. Nf3 a6 11. b3 Re8 12. Bb2 Bc7 (12... Bg4 13. h3 Bh5 14.
Nh4 Bxe2 15. Nxe2 $14 {Larsen-Georghiu, Palma de Mallorca 1968}) 13. Rc1 Qd6
14. g3 Bh3 15. Re1 Rad8 16. Nd4 Bc8 17. Bf3 Ba5 18. Bg2 Bg4 19. Bf3 Bxf3
1/2-1/2

[Event "Bugojno"]
[Site "Bugojno"]
[Date "1978.02.27"]
[Round "2"]
[White "Miles, Anthony John"]
[Black "Ljubojevic, Ljubomir"]
[Result "1-0"]
[WhiteElo "2565"]
[BlackElo "2605"]
[Annotator "Bulletin"]
[PlyCount "79"]
[EventDate "1978.02.27"]
[EventType "tourn"]
[EventRounds "15"]
[EventCountry "YUG"]
[EventCategory "14"]
[SourceTitle "MCL"]
[Source "ChessBase"]
[SourceDate "1999.07.01"]
[SourceVersion "1"]
[SourceVersionDate "1999.07.01"]
[SourceQuality "1"]

1. c4 c5 2. Nf3 Nf6 3. Nc3 e6 4. e3 d5 5. d4 Nc6 6. cxd5 exd5 7. Be2 Bd6 8. O-O
O-O 9. b3 cxd4 10. Nxd4 Nxd4 (10... a6 11. Bb2 Bb8 (11... Re8 12. Rc1 Bd7 13.
Bf3 Nxd4 14. Qxd4 Be5 15. Qd2 Bg4 16. Rfd1 $14 {Botvinnik-Donner, Noordwijk
1965}) 12. Nxc6 bxc6 13. Qd4 Re8 $10 {Ornstein-Gipslis, Budapest 1977}) (10...
Be5 11. Ba3 Nxd4 12. exd4 Bd6 $10 {Gufeld}) 11. Qxd4 Re8 12. Bb2 Be5 13. Qd2
Bg4 (13... d4 14. exd4 (14. Nb5 Ne4 15. Qd3 Qh4 16. g3 Nxg3 17. hxg3 Bxg3 18.
fxg3 Qxg3+ 19. Kh1 Re6 $19) 14... Qxd4 $10) 14. Bxg4 Bxh2+ 15. Kxh2 Nxg4+ 16.
Kh3 (16. Kg1 Qh4 17. Rfe1 Qh2+ 18. Kf1 Qh1+ 19. Ke2 Qxg2 20. Kd1 (20. Rf1 Nxe3)
20... d4 21. exd4 Nxf2+ 22. Kc2 Qg6+ 23. Kc1 Rxe1+ 24. Qxe1 Nd3+) 16... Qg5 17.
Qd4 Qh5+ 18. Kg3 Nh6 19. Rh1 Nf5+ 20. Kf4 Qg6 21. Qxd5 Re6 22. Qxf5 Rf6 23. g4
Rxf5+ 24. gxf5 Qg2 25. Raf1 g5+ 26. fxg6 fxg6 27. e4 Rf8+ 28. Ke3 Qf3+ 29. Kd2
Rd8+ 30. Kc2 Qd3+ 31. Kc1 Rc8 32. Rd1 Qxe4 $2 (32... Rxc3+ 33. Bxc3 Qxc3+ $10)
33. Rd8+ Kg7 34. Rd7+ Kf6 35. Rhxh7 Qe1+ 36. Kc2 Qxf2+ 37. Kb1 Qf1+ 38. Rd1 Qg2
39. Nd5+ Kg5 40. Bf6+ 1-0